000 00571nam a2200229Ia 4500
003 OSt
005 20221007082212.0
006 a|||||r|||| 00| 0
007 ta
008 221006b |||||||| |||| 00| 0 eng d
024 _a26,112
037 _cTextual
040 _aFLL
_cFLL
_beng
041 _2eng
_aeng
082 _aZ3:802y6, H6
100 _aGarsia Maston
_9698901
245 0 _aCivil procedure in a nutshell
260 _c1946
300 _aiv,1-104p
_ccm.
942 _hZ3:802y6, H6
_cTEXL
_2CC
999 _c1165651
_d1165651